000 00592nam a2200193Ia 4500
003 GCL
008 140319s9999 xx 000 0 ara d
040 _aGCL /
_cGCL
082 0 4 _a810.9
_bم ز
100 1 _aمحمد حسين هيكل
245 1 0 _aزينب : مناظر واخلاق ريفية /
_cمحمد حسين هيكل
260 _aالقاهرة :
_bدار المعارف ،
_c1992
300 _a310 ص
490 _a
650 0 4 _aالادب العربى
650 0 4 _aالقصة العربية
650 0 4 _aالادب العربى - تاريخ ونقد
942 _2ddc
_cBK
999 _c28268
_d28268